Loading...
| Science - Biology | 0 | 2 | 0 | 1 | 20 | 75 | 100.00 | 0 | 2 |
| Other - Pop Culture | 0 | 2 | 0 | 1 | 20 | 127 | 132.50 | 0 | 2 |
| Other - Other Academic | 0 | 2 | 1 | 2 | 15 | 123 | 127.50 | 0 | 2 |
| Arts - Other Arts | 0 | 1 | 0 | 0 | 10 | 143 | 143.00 | 0 | 1 |
| History - Euro History | 0 | 1 | 0 | 1 | 10 | 121 | 121.00 | 0 | 1 |
| Literature - American Lit | 0 | 1 | 0 | 0 | 10 | 105 | 105.00 | 1 | 1 |
| Thought - Social Science | 0 | 1 | 0 | 1 | 10 | 123 | 123.00 | 0 | 1 |
| History - Other History | 0 | 0 | 0 | 0 | 0 | 0.00 | 0 | 0 | |
| Science - Chemistry | 0 | 0 | 0 | 0 | 0 | 0.00 | 0 | 0 | |
| Science - Physics | 0 | 0 | 0 | 0 | 0 | 0.00 | 0 | 0 | |
| Literature - Euro Lit | 0 | 0 | 1 | 0 | -5 | 0.00 | 0 | 0 | |
| Beliefs - Religion | 0 | 0 | 1 | 0 | -5 | 0.00 | 0 | 0 | |
| Beliefs - Mythology | 0 | 0 | 1 | 0 | -5 | 0.00 | 0 | 0 | |
| Thought - Philosophy | 0 | 0 | 2 | 0 | -10 | 0.00 | 0 | 0 | |
| Literature - British Lit | 0 | 0 | 2 | 0 | -10 | 0.00 | 0 | 0 |